| 000 | 00822nam a22002057a 4500 | ||
|---|---|---|---|
| 005 | 20251108175140.0 | ||
| 008 | 250721s2010 xx 000 0 ara d | ||
| 082 | 1 | 4 | _aم/306.42/مرك |
| 100 | 1 | _aحنفي، حسن | |
| 245 | 1 | 0 | _aالمعرفي و الأيديولوجي في الفكر العربي المعاصر : بحوث و مناقشات الندوة الفكرية التي نظمها مركز دراسات الوحدة العربية / |
| 264 | 1 |
_aبيروت : _bمركز الدراسات الوحدة العربية، _c2010. |
|
| 300 | _a527ص. | ||
| 650 | 1 | 7 | _aالايديولوجيا |
| 650 | 1 | 7 | _aعلم اجتماع المعرفة |
| 650 | 1 | 7 | _aالفكر العربي |
| 650 | 1 | 7 | _aالتراث العربي |
| 700 | 1 | _aلبيب، عبد العزيز | |
| 942 |
_2ddc _cREF |
||
| 999 |
_c127324 _d127324 |
||